000 00540nam a2200181 i 4500
001 142649
003 ES-MaACL
005 20260529181512.0
007 t|
008 071009s1961 sp ||||1| spa d
100 0 _aVialar, Paul,
_d1898-1996
_9114268
245 1 3 _aLa novela de las bestias de caza /
_cPaul Vialar ; traducción y prólogo Joaquín Aroca.
260 _aBarcelona :
_bPulide,
_c[1961]
300 _a362 p. ;
_c24 cm.
700 1 _aAroca, Joaquín.
_923131
852 _aES-MaACL
_jC-20472
_bR.48694
999 _c142649
_d142649